| 000 | 00655nam a2200205 a 4500 | ||
|---|---|---|---|
| 001 | 000043767 | ||
| 005 | 20201002044947.0 | ||
| 008 | 140425s1979 po a 000 0 spa d | ||
| 040 |
_aDO-SdBNP _bspa _cBNPHU |
||
| 082 |
_axxxx _bxxxx |
||
| 100 | 1 |
_aEsteves Pereira, Joâo Manuel _971606 |
|
| 245 | 1 | 0 |
_aCurso de contabilidade / _cJoâo Manuel Esteves Pereira. |
| 246 | 1 | 0 |
_aContabilidade analítica : _bconforme o Plano Oficial de Contabilidade |
| 250 | _a2a ed. | ||
| 260 |
_aLisboa : _bPlátano, _c[1979]. |
||
| 300 |
_av. : _bil. ; _c24 cm. |
||
| 490 | 1 | _aPlâtano escolar | |
| 500 | _aLa biblioteca posee el v. 3 | ||
| 830 | 0 |
_aPlâtano escolar _971607 |
|
| 999 |
_c43256 _d43256 |
||